|
|
|
|
| LEADER |
00914nam a2200325 4500 |
| 001 |
DLU110122302 |
| 005 |
##20110606 |
| 040 |
# |
# |
|a DLU
|b vie
|
| 041 |
# |
# |
|a vie
|
| 044 |
# |
# |
|a vn
|
| 082 |
# |
# |
|a 660.283
|b NG-T
|
| 100 |
# |
# |
|a Nguyễn Minh Tuyển,
|c GS.TSKH.
|
| 245 |
# |
# |
|a Kỹ thuật tiến hành phản ứng hoá học /
|c Nguyễn Minh Tuyển, Phạm Văn Thiêm, Đặng Đức Tạo.
|
| 260 |
# |
# |
|a H. :
|b Khoa học và Kỹ thuật,
|c 2006.
|
| 300 |
# |
# |
|a 218 tr. :
|b minh hoạ ;
|c 21 cm.
|
| 504 |
# |
# |
|a Tài liệu tham khảo: tr.214.
|
| 650 |
# |
# |
|a Phản ứng hoá học.
|
| 700 |
# |
# |
|a Đặng Đức Tạo,
|c TS.
|
| 700 |
# |
# |
|a Phạm Văn Thiêm,
|c GS.TS.
|
| 923 |
# |
# |
|a 01/2011SH
|
| 991 |
# |
# |
|a GT
|
| 992 |
# |
# |
|a 24000
|
| 994 |
# |
# |
|a KSH
|
| 900 |
# |
# |
|a True
|
| 911 |
# |
# |
|a Đào Thị Thu Huyền
|
| 925 |
# |
# |
|a G
|
| 926 |
# |
# |
|a A
|
| 927 |
# |
# |
|a SH
|
| 980 |
# |
# |
|a Thư viện Trường Đại học Đà Lạt
|